<?xml version="1.0" encoding="UTF-8"?>
<marc:record xmlns:marc="http://www.loc.gov/MARC21/slim">
   <marc:leader>00000nam a2200000 a 4500</marc:leader>
   <marc:datafield ind1="1" ind2=" " tag="100">
      <marc:subfield code="a">Steffensmeier, Alexander</marc:subfield>
      <marc:subfield code="4">aut</marc:subfield>
      <marc:subfield code="e">Verfasser/-in</marc:subfield>
   </marc:datafield>
   <marc:datafield ind1=" " ind2=" " tag="653">
      <marc:subfield code="a">Bilderbuch</marc:subfield>
   </marc:datafield>
   <marc:datafield ind1=" " ind2=" " tag="653">
      <marc:subfield code="a">Erzählerische Bilderbücher</marc:subfield>
   </marc:datafield>
   <marc:datafield ind1=" " ind2=" " tag="653">
      <marc:subfield code="a">Kuh</marc:subfield>
   </marc:datafield>
   <marc:datafield ind1="0" ind2="0" tag="245">
      <marc:subfield code="a">Gute Nacht, Lieselotte!</marc:subfield>
   </marc:datafield>
   <marc:datafield ind1=" " ind2="1" tag="264">
      <marc:subfield code="b">FISCHER Sauerländer</marc:subfield>
      <marc:subfield code="c">2023</marc:subfield>
   </marc:datafield>
   <marc:datafield ind1="1" ind2=" " tag="520">
      <marc:subfield code="a">Eine Lieselotte-Gute-Nacht-Geschichte für die Kleinsten  Wie jeden Abend schaut die Bäuerin noch mal nach, ob die Tiere auf dem Bauernhof friedlich schlafen. Die Hühner schnachen brav im Hühnerstall. Der Hund kuschelt sich an seinen Spielzeugknochen. Aber noch nicht alle haben schon in den Schlaf gefunden. Eine wunderbare Vorlese-Geschichtein, in der sich sicher alle Kinder wiedererkennen und am Ende gemeinsam mit Lieselotte die Äuglein schließen. Schau nach, wer auf Lieselottes Bauernhof noch wach ist!</marc:subfield>
   </marc:datafield>
   <marc:datafield ind1=" " ind2=" " tag="020">
      <marc:subfield code="a">9783737361958</marc:subfield>
      <marc:subfield code="9">9783737361958</marc:subfield>
   </marc:datafield>
</marc:record>
